000 00483nam a22001697a 4500
003 NUST - PNEC
005 20170116181136.0
008 151007b xxu||||| |||| 00| 0 eng d
020 _a9837202971
040 _cLIBRARY
082 _a658.562 MAC
100 _914291
_a MacLean, Gary E.
245 _aDocumenting quality for ISO 9000 and other industry standards
_cGary E.MacLean
260 _cc 1996
650 _914292
_aQuality assurance--Standards
_xGeneral
942 _2ddc
_cBK
999 _c70228
_d70228